Ideario Costarricense /
Los compiladores del Ideario Costarricense, el Ministrio de Planificación y Política Económica y la Universidad Nacional, dado el momento histórico y, particularmente, por la necesidad de hilvanar un pensamiento nacional en torno a su ser y debe ser histórico, convocaron a los más connotados pensado...
Spremljeno u:
| Autori kompanije: | , |
|---|---|
| Format: | Tekst |
| Jezik: | Spanish |
| Izdano: |
Heredia:
UNA,
1993
|
| Teme: | |
| Oznake: |
Dodaj oznaku
Bez oznaka, Budi prvi tko označuje ovaj zapis!
|
MARC
| LEADER | 00000 a a2200000 04500 | ||
|---|---|---|---|
| 001 | 4416 | ||
| 003 | cru CIDCACS/IIS | ||
| 005 | 20220719100910.0 | ||
| 008 | 200819b |||||r|||||||| ||spa|d | ||
| 040 | |c cru CIDCACS/IIS | ||
| 090 | |a 12216.00-104 | ||
| 110 | |a Costa Rica. |9 157 |b Ministerio de Planificación Nacional y Política Económica | ||
| 245 | 1 | |a Ideario Costarricense / |c Costa Rica. Ministerio de Planificación Nacional y Política Económica | |
| 260 | |a Heredia: |b UNA, |c 1993 | ||
| 300 | |a 708 páginas | ||
| 500 | |a Colección Centroamérica | ||
| 520 | |a Los compiladores del Ideario Costarricense, el Ministrio de Planificación y Política Económica y la Universidad Nacional, dado el momento histórico y, particularmente, por la necesidad de hilvanar un pensamiento nacional en torno a su ser y debe ser histórico, convocaron a los más connotados pensadores, políticos, jóvenes e intelectuales del país con el propósito de que expresaran por escrito sus puntos de vista sobre el trascendental momento que vive el país. Las técnicas e instrumentos utilizados comprendieron la elaboración de guías (del tema global y de los específicos), visitas a los participantes, aplicación de entrevistas estructuradas que luego fueron revisadas por los entrevistados. El Ideario contiene un total de 103 entrevistas, separadas en los siguientes temas: I. Ideario global (31 entrevistas) II. Educación y recursos humanos (10) III. Sector agropecuario (11) IV. Política social (10) V. Cultura (7) VI. Modernización del estado (11) VII. Integración económica (8) VIII. Régimen político-electoral (5) y, IX. Aprovechamiento y conservación del ambiente (10). Se adjunta la lista de participantes y la lista de invitados a participar. EB/eb | ||
| 650 | |a METODOLOGIA | ||
| 650 | |a IDEOLOGIAS | ||
| 650 | |a EDUCACION | ||
| 650 | |a RECURSOS HUMANOS | ||
| 650 | |a SECTOR AGROPECUARIO | ||
| 650 | |a POLITICA SOCIAL | ||
| 650 | |a CULTURA | ||
| 650 | |a ESTADO | ||
| 650 | |a MODERNIZACION | ||
| 650 | |a INTEGRACION ECONOMICA | ||
| 650 | |a POLITICA | ||
| 650 | |a ELECCIONES | ||
| 650 | |a CONSERVACION DE RECURSOS | ||
| 650 | |a MEDIO AMBIENTE | ||
| 650 | |a UTILIZACION DE LOS RECURSOS | ||
| 710 | |a Universidad Nacional (Costa Rica) | ||
| 942 | |2 ddc |c LI | ||
| 999 | |c 17141 |d 17141 | ||
